[Event "Hradec Kralove op 7th"]
[Site "Hradec Kralove"]
[Date "2016.10.06"]
[Round "7"]
[White "Golcman, Evgeny"]
[Black "Chudinovskih, Alexander N"]
[Result "1/2-1/2"]
[WhiteElo "2175"]
[BlackElo "2229"]
[PlyCount "22"]
[EventDate "2016.10.01"]
[EventType "swiss"]
[EventRounds "9"]
[EventCountry "CZE"]
[SourceTitle "EXT 2017"]
[Source "ChessBase"]
[SourceDate "2016.10.25"]
[SourceVersion "1"]
[SourceVersionDate "2016.10.25"]
[SourceQuality "1"]

1. c4 c5 2. Nf3 Nf6 3. Nc3 Nc6 4. d4 cxd4 5. Nxd4 e6 6. Nc2 d5 7. cxd5 exd5 8. Bg5 d4 9. Ne4 Qa5+ 10. Bd2 Qd8 11. Bg5 Qa5+ 1/2-1/2

[Event "Prague op-A 15th"]
[Site "Prague"]
[Date "2016.01.10"]
[Round "4"]
[White "Grove, Michael"]
[Black "Golcman, Evgeny"]
[Result "1-0"]
[WhiteElo "2056"]
[BlackElo "2221"]
[PlyCount "77"]
[EventDate "2016.01.08"]
[EventType "swiss"]
[EventRounds "9"]
[EventCountry "CZE"]
[SourceTitle "CBM 170 Extra"]
[Source "ChessBase"]
[SourceDate "2016.02.25"]
[SourceVersion "1"]
[SourceVersionDate "2016.02.25"]
[SourceQuality "1"]

1. e4 e5 2. Nf3 Nc6 3. d4 exd4 4. Nxd4 Nf6 5. Nxc6 bxc6 6. Bd3 d5 7. Nc3 Be7 8. 0-0 0-0 9. Qf3 Be6 10. Bg5 Ng4 11. Bxe7 Qxe7 12. exd5 cxd5 13. Nxd5 Qd6 14. Nf4 Bd7 15. Rad1 Qh6 16. Qg3 Nf6 17. h4 Bc6 18. Qg5 Qxg5 19. hxg5 Ng4 20. Bf5 Ne5 21. Nd5 Bxd5 22. Rxd5 Rfe8 23. Rc5 Re7 24. Rd1 f6 25. gxf6 gxf6 26. Rd4 Rae8 27. Ra4 Rg7 28. Kf1 Rge7 29. f3 Rd8 30. Re4 Rde8 31. b4 Kf8 32. Rd5 h6 33. Kf2 Rb8 34. a3 Rb6 35. Rd8+ Kg7 36. Ke2 Ra6 37. Rd3 Nxd3 38. Rxe7+ Kf8 39. Bxd3 1-0

[Event "Hradec Kralove op"]
[Site "Hradec Kralove"]
[Date "2015.10.04"]
[Round "1"]
[White "Gloser, David"]
[Black "Golcman, Evgeny"]
[Result "0-1"]
[WhiteElo "1734"]
[BlackElo "2167"]
[PlyCount "56"]
[EventDate "2015.10.04"]
[EventType "swiss"]
[EventRounds "9"]
[EventCountry "CZE"]
[SourceTitle "CBM 168 Extra"]
[Source "ChessBase"]
[SourceDate "2015.10.29"]
[SourceVersion "1"]
[SourceVersionDate "2015.10.29"]
[SourceQuality "1"]

1. e4 e5 2. Nf3 Nc6 3. Bc4 Be7 4. c3 Nf6 5. 0-0 Nxe4 6. Bd5 Nf6 7. Bxc6 dxc6 8. Nxe5 c5 9. d4 cxd4 10. cxd4 0-0 11. Nc3 Be6 12. Be3 Nd5 13. Qe2 a6 14. Kh1 Re8 15. Rae1 Bf8 16. f4 f6 17. Nf3 Qd7 18. Qd2 Rad8 19. Bg1 Bd6 20. g3 Nxc3 21. bxc3 Bd5 22. Be3 Qc6 23. Qf2 Qxc3 24. Kg1 Qa3 25. Re2 Bc4 26. Bc1 Rxe2 27. Bxa3 Rxf2 28. Kxf2 Bxa3 0-1

[Event "Marianske Lazne op 14th"]
[Site "Marianske Lazne"]
[Date "2015.01.21"]
[Round "6"]
[White "Golcman, Evgeny"]
[Black "Gergel, Vladimir P"]
[Result "1-0"]
[WhiteElo "2117"]
[BlackElo "2232"]
[PlyCount "33"]
[EventDate "2015.01.17"]
[EventType "swiss"]
[EventRounds "9"]
[EventCountry "CZE"]
[SourceTitle "CBM 164 Extra"]
[Source "ChessBase"]
[SourceDate "2015.03.02"]
[SourceVersion "1"]
[SourceVersionDate "2015.03.02"]
[SourceQuality "1"]

1. c4 f5 2. Nf3 Nf6 3. g3 d6 4. d4 g6 5. Bg2 Bg7 6. Nc3 0-0 7. 0-0 c6 8. d5 Qc7 9. Nd4 a6 10. e4 c5 11. Nf3 e5 12. dxe6 Bxe6 13. Bf4 Rd8 14. exf5 Bxc4 15. Ng5 Nc6 16. Nd5 Bxd5 17. Bxd5+ 1-0

[Event "Marianske Lazne op 14th"]
[Site "Marianske Lazne"]
[Date "2015.01.20"]
[Round "4"]
[White "Nowak, Kamil"]
[Black "Golcman, Evgeny"]
[Result "1/2-1/2"]
[WhiteElo "1892"]
[BlackElo "2117"]
[PlyCount "103"]
[EventDate "2015.01.17"]
[EventType "swiss"]
[EventRounds "9"]
[EventCountry "CZE"]
[SourceTitle "CBM 164 Extra"]
[Source "ChessBase"]
[SourceDate "2015.03.02"]
[SourceVersion "1"]
[SourceVersionDate "2015.03.02"]
[SourceQuality "1"]

1. e4 e5 2. Nf3 Nc6 3. Bb5 Nd4 4. Bc4 Nxf3+ 5. Qxf3 Qf6 6. Qg3 d6 7. Nc3 c6 8. d3 Qg6 9. Qxg6 hxg6 10. a4 Be7 11. 0-0 g5 12. b4 g4 13. b5 Nf6 14. Rb1 0-0 15. Bg5 Bd8 16. bxc6 bxc6 17. Rb2 Bb6 18. Be3 Nd7 19. Rfb1 Nc5 20. Bxc5 Bxc5 21. Rb8 Bd7 22. Rxa8 Rxa8 23. Rb7 Rd8 24. Nd1 Kf8 25. Ne3 g6 26. g3 f5 27. exf5 gxf5 28. Bb3 d5 29. Kg2 f4 30. gxf4 exf4 31. Nf1 Ke7 32. c3 a5 33. d4 Ba3 34. Bc2 Kd6 35. Rb3 Bc1 36. Rb1 f3+ 37. Kg1 Bf4 38. Ng3 Bd2 39. c4 Re8 40. Kf1 Bc3 41. cxd5 cxd5 42. Nf5+ Kc7 43. Bd3 Bd2 44. Rd1 Bf4 45. Rb1 Bxh2 46. Rc1+ Kd8 47. Rc5 Bxf5 48. Bxf5 g3 49. Rc8+ Ke7 50. Rxe8+ Kxe8 51. fxg3 Bxg3 52. Be6 1/2-1/2

[Event "Prague op-B 14th"]
[Site "Prague"]
[Date "2015.01.09"]
[Round "1"]
[White "Raondi, Yan Martin"]
[Black "Golcman, Evgeny"]
[Result "0-1"]
[WhiteElo "1661"]
[BlackElo "2117"]
[PlyCount "47"]
[EventDate "2015.01.09"]
[EventType "swiss"]
[EventRounds "9"]
[EventCountry "CZE"]
[SourceTitle "CBM 164 Extra"]
[Source "ChessBase"]
[SourceDate "2015.03.02"]
[SourceVersion "1"]
[SourceVersionDate "2015.03.02"]
[SourceQuality "1"]

1. d4 f5 2. Nf3 Nf6 3. g3 g6 4. Bg2 Bg7 5. 0-0 0-0 6. c4 d6 7. Nc3 Nc6 8. Re1 e5 9. dxe5 dxe5 10. Qxd8 Rxd8 11. Rd1 Be6 12. c5 Rxd1+ 13. Nxd1 Ne4 14. Ng5 Rd8 15. Nxe6 Rxd1+ 16. Bf1 Nd2 17. Kg2 Rxf1 18. b3 Re1 19. Bb2 Rxe2 20. Bc3 Ne4 21. Be1 Nd4 22. Nxd4 exd4 23. Kf3 Rc2 24. b4 0-1

[Event "Prague Summer op 1st"]
[Site "Prague"]
[Date "2014.08.16"]
[Round "9"]
[White "Studnicka, Tomas"]
[Black "Golcman, Evgeny"]
[Result "1-0"]
[WhiteElo "2377"]
[BlackElo "2181"]
[PlyCount "71"]
[EventDate "2014.08.09"]
[EventType "swiss"]
[EventRounds "9"]
[EventCountry "CZE"]
[SourceTitle "CBM 162 Extra"]
[Source "ChessBase"]
[SourceDate "2014.10.17"]
[SourceVersion "1"]
[SourceVersionDate "2014.10.17"]
[SourceQuality "1"]

1. d4 f5 2. g3 Nf6 3. Bg2 g6 4. c3 Nc6 5. Nf3 e6 6. c4 Bg7 7. d5 exd5 8. cxd5 Ne7 9. Nc3 d6 10. 0-0 c5 11. dxc6 bxc6 12. Bf4 d5 13. Rc1 0-0 14. Na4 Ne4 15. Nd4 g5 16. Bxe4 dxe4 17. Bxg5 Bxd4 18. Bxe7 Bxf2+ 19. Rxf2 Qxe7 20. Nc5 Be6 21. Nxe6 Qxe6 22. Qa4 Rad8 23. Rxc6 Qd5 24. Rc7 Qd1+ 25. Qxd1 Rxd1+ 26. Kg2 Re1 27. Re7 Rf7 28. Rxf7 Kxf7 29. Rxf5+ Ke6 30. Kf2 Rh1 31. Rh5 Rb1 32. Rxh7 Rxb2 33. Rxa7 Kf5 34. h3 Rc2 35. Ra5+ Ke6 36. Ke3 1-0

[Event "Prague Summer op 1st"]
[Site "Prague"]
[Date "2014.08.12"]
[Round "5"]
[White "Musiaka, Viktor"]
[Black "Golcman, Evgeny"]
[Result "1/2-1/2"]
[WhiteElo "1955"]
[BlackElo "2181"]
[PlyCount "53"]
[EventDate "2014.08.09"]
[EventType "swiss"]
[EventRounds "9"]
[EventCountry "CZE"]
[SourceTitle "CBM 162 Extra"]
[Source "ChessBase"]
[SourceDate "2014.10.17"]
[SourceVersion "1"]
[SourceVersionDate "2014.10.17"]
[SourceQuality "1"]

1. e4 e5 2. Nf3 Nc6 3. Bc4 Be7 4. 0-0 Nf6 5. Nc3 Nxe4 6. Nxe4 d5 7. Bb5 dxe4 8. Nxe5 Qd5 9. Nxc6 bxc6 10. Be2 Bf5 11. d3 exd3 12. cxd3 0-0 13. Qc2 Rad8 14. Rd1 Bd6 15. Bf3 Qe5 16. g3 c5 17. Be3 h5 18. h4 Rfe8 19. Rac1 Qe6 20. Bxc5 Qxa2 21. Ra1 Qe6 22. Rxa7 Bxc5 23. Qxc5 Rxd3 24. Rxd3 Bxd3 25. Qc3 Qe1+ 26. Qxe1 Rxe1+ 27. Kh2 1/2-1/2

[Event "Vladimir Petrov Memorial op"]
[Site "Jurmala"]
[Date "2014.02.21"]
[Round "1"]
[White "Fedorchuk, Sergey A"]
[Black "Golcman, Evgeny"]
[Result "1-0"]
[WhiteElo "2641"]
[BlackElo "2186"]
[PlyCount "81"]
[EventDate "2014.02.21"]
[EventType "swiss (rapid)"]
[EventRounds "15"]
[EventCountry "LAT"]
[SourceTitle "CBM 158 Extra"]
[Source "ChessBase"]
[SourceDate "2014.02.28"]
[SourceVersion "1"]
[SourceVersionDate "2014.02.28"]
[SourceQuality "1"]

1. e4 e5 2. Nf3 Nc6 3. Bb5 g6 4. d4 exd4 5. Bg5 Be7 6. h4 Bxg5 7. hxg5 Qe7 8. c3 Qxe4+ 9. Kf1 Nge7 10. cxd4 d5 11. Nc3 Qf4 12. Bxc6+ bxc6 13. Qe2 a5 14. Kg1 Be6 15. Na4 Qd6 16. Nc5 0-0 17. Ne5 Rae8 18. a3 Bc8 19. Qd2 f6 20. gxf6 Qxf6 21. Re1 Nf5 22. Re2 h5 23. Ncd7 Bxd7 24. Nxd7 Qxd4 25. Qxd4 Nxd4 26. Rxe8 Rxe8 27. Nf6+ Kf7 28. Nxe8 Kxe8 29. f3 c5 30. Kf2 Ke7 31. Re1+ Kd7 32. Re5 c6 33. Rg5 Ne6 34. Rxg6 Nf4 35. Rg7+ Kd6 36. Ke3 Ne6 37. Rh7 d4+ 38. Kd2 c4 39. Rxh5 c5 40. g3 a4 41. f4 1-0

[Event "Prague op-B 13th"]
[Site "Prague"]
[Date "2014.??.??"]
[Round "7"]
[White "Golcman, Evgeny"]
[Black "Jacobsen, Fredrik Beer"]
[Result "1-0"]
[WhiteElo "2200"]
[BlackElo "1849"]
[PlyCount "41"]
[EventDate "2014.01.10"]
[EventType "swiss"]
[EventRounds "9"]
[EventCountry "CZE"]
[SourceTitle "CBM 158 Extra"]
[Source "ChessBase"]
[SourceDate "2014.02.28"]
[SourceVersion "1"]
[SourceVersionDate "2014.02.28"]
[SourceQuality "1"]

1. c4 c5 2. Nc3 Nf6 3. Nf3 d5 4. cxd5 Nxd5 5. g3 Nxc3 6. bxc3 Nc6 7. Bg2 e5 8. 0-0 Be7 9. Rb1 0-0 10. Qc2 Qc7 11. d4 c4 12. dxe5 Nxe5 13. Nxe5 Qxe5 14. Bxb7 Bxb7 15. Rxb7 Bf6 16. Be3 Rfe8 17. Qa4 a5 18. Qxc4 Re6 19. Qc7 Qxc7 20. Rxc7 h5 21. Rb1 1-0

[Event "Prague op-B 13th"]
[Site "Prague"]
[Date "2014.??.??"]
[Round "3"]
[White "Musiaka, Viktor"]
[Black "Golcman, Evgeny"]
[Result "1/2-1/2"]
[WhiteElo "1849"]
[BlackElo "2200"]
[PlyCount "73"]
[EventDate "2014.01.10"]
[EventType "swiss"]
[EventRounds "9"]
[EventCountry "CZE"]
[SourceTitle "CBM 158 Extra"]
[Source "ChessBase"]
[SourceDate "2014.02.28"]
[SourceVersion "1"]
[SourceVersionDate "2014.02.28"]
[SourceQuality "1"]

1. e4 e5 2. Nf3 Nc6 3. Bc4 Be7 4. d4 exd4 5. Nxd4 d6 6. 0-0 Nf6 7. Nc3 0-0 8. h3 Re8 9. f3 Bd7 10. Nd5 Nxd5 11. Bxd5 Bf6 12. Be3 a6 13. c3 Qe7 14. Qd2 Rab8 15. Rae1 g6 16. Bf2 Bh4 17. f4 Nxd4 18. cxd4 Be6 19. Bxe6 Bxf2+ 20. Qxf2 fxe6 21. f5 exf5 22. exf5 Qf6 23. fxg6 Qxf2+ 24. Kxf2 hxg6 25. Rxe8+ Rxe8 26. Re1 Rf8+ 27. Kg3 Kg7 28. Kg4 Kh6 29. h4 Rf5 30. g3 Rd5 31. Re4 c5 32. dxc5 dxc5 33. Re7 b5 34. Kf3 Rd3+ 35. Kf4 Rd4+ 36. Kf3 Rd3+ 37. Kf4 1/2-1/2

[Event "Brno op 4th"]
[Site "Brno"]
[Date "2013.11.22"]
[Round "8"]
[White "Simo, Marian"]
[Black "Golcman, Evgeny"]
[Result "0-1"]
[WhiteElo "1873"]
[BlackElo "2209"]
[PlyCount "80"]
[EventDate "2013.11.16"]
[EventType "swiss"]
[EventRounds "9"]
[EventCountry "CZE"]
[SourceTitle "CBM 157 Extra"]
[Source "ChessBase"]
[SourceDate "2013.12.19"]
[SourceVersion "1"]
[SourceVersionDate "2013.12.19"]
[SourceQuality "1"]

1. d4 c5 2. c4 cxd4 3. Qxd4 Nc6 4. Qd1 g6 5. Nf3 Bg7 6. g3 d6 7. Bg2 Be6 8. Nbd2 Nf6 9. Ng5 Bd7 10. 0-0 Rc8 11. Rb1 Qa5 12. Nb3 Qa4 13. c5 h6 14. Nf3 Be6 15. cxd6 exd6 16. Nfd4 Nxd4 17. Nxd4 Qxd1 18. Rxd1 d5 19. Nb5 0-0 20. Be3 a6 21. Nc3 Rfd8 22. Bd4 Ne4 23. Bxg7 Kxg7 24. Nxe4 dxe4 25. Bxe4 Bxa2 26. Rxd8 Rxd8 27. Ra1 Bc4 28. Bxb7 Bxe2 29. Bg2 Rd2 30. Bf1 Bb5 31. Bxb5 axb5 32. Rb1 b4 33. b3 Kf6 34. Re1 Rd3 35. Re3 Rxe3 36. fxe3 Kf5 37. Kf2 g5 38. h3 h5 39. Ke2 Ke4 40. h4 g4 0-1

[Event "Brno op 4th"]
[Site "Brno"]
[Date "2013.11.16"]
[Round "1"]
[White "Golcman, Evgeny"]
[Black "Kosina, Vladimir"]
[Result "1-0"]
[WhiteElo "2209"]
[BlackElo "1775"]
[PlyCount "105"]
[EventDate "2013.11.16"]
[EventType "swiss"]
[EventRounds "9"]
[EventCountry "CZE"]
[SourceTitle "CBM 157 Extra"]
[Source "ChessBase"]
[SourceDate "2013.12.19"]
[SourceVersion "1"]
[SourceVersionDate "2013.12.19"]
[SourceQuality "1"]

1. c4 c6 2. d4 d5 3. Nf3 Nf6 4. Qb3 e6 5. Nc3 Be7 6. g3 Nbd7 7. Bg2 0-0 8. 0-0 Bd6 9. Nd2 Re8 10. e4 dxe4 11. Ndxe4 Be7 12. Be3 Nf8 13. Rad1 Qa5 14. h3 Bd7 15. Nc5 Bc8 16. Nxb7 Bxb7 17. Qxb7 Rab8 18. Qxc6 Rec8 19. Qa4 Qxa4 20. Nxa4 Rxc4 21. b3 Rc2 22. Rd2 Rbc8 23. Rxc2 Rxc2 24. Rc1 Rxa2 25. Rc7 Ba3 26. Rxa7 Ra1+ 27. Kh2 Rb1 28. Rb7 h6 29. Nc3 Re1 30. d5 Bb2 31. dxe6 fxe6 32. Bd2 Re5 33. b4 Rf5 34. f4 h5 35. Ne4 Nxe4 36. Bxe4 Rf7 37. Be3 Rxb7 38. Bxb7 Kf7 39. Bc6 e5 40. b5 exf4 41. gxf4 Ba3 42. Kg3 Bd6 43. Kf3 Bb8 44. f5 Kf6 45. Be4 g6 46. Bd4+ Kg5 47. f6 Ne6 48. Bc3 Bc7 49. f7 Nf8 50. Bc6 Kh4 51. Bb4 Nh7 52. Bd7 g5 53. Bf5 1-0

[Event "Liberec op 14th"]
[Site "Liberec"]
[Date "2013.11.02"]
[Round "9"]
[White "Kovar, Vojtech"]
[Black "Golcman, Evgeny"]
[Result "0-1"]
[WhiteElo "2312"]
[BlackElo "2231"]
[PlyCount "78"]
[EventDate "2013.10.26"]
[EventType "swiss"]
[EventRounds "9"]
[EventCountry "CZE"]
[SourceTitle "EXT 2014"]
[Source "ChessBase"]
[SourceDate "2013.11.20"]
[SourceVersion "1"]
[SourceVersionDate "2013.11.20"]
[SourceQuality "1"]

1. d4 d5 2. Nf3 Nf6 3. e3 Bf5 4. c4 c6 5. Nc3 e6 6. Nh4 Bg4 7. Qb3 Qc7 8. h3 Bh5 9. g4 Bg6 10. Nxg6 hxg6 11. Bg2 Nbd7 12. Bd2 Be7 13. Rc1 Qb6 14. Qa4 0-0 15. g5 Ne4 16. Nxe4 dxe4 17. h4 f5 18. gxf6 Nxf6 19. Bh3 c5 20. Bc3 Kf7 21. d5 exd5 22. cxd5 Nxd5 23. Qxe4 Rfd8 24. Rg1 Nxc3 25. Rxc3 Rd6 26. Rb3 Qa5+ 27. Kf1 Qa6+ 28. Kg2 Rb8 29. Rc1 Qc6 30. Qxc6 Rxc6 31. Rc4 b5 32. Rf4+ Rf6 33. Re4 Rd6 34. a4 b4 35. Kg3 Rbd8 36. Bf1 Bf6 37. Bc4+ Kf8 38. Rg4 a5 39. Rxg6 Be5+ 0-1

[Event "Liberec op 14th"]
[Site "Liberec"]
[Date "2013.10.30"]
[Round "6"]
[White "Golcman, Evgeny"]
[Black "Cip, Dalibor"]
[Result "1-0"]
[WhiteElo "2231"]
[BlackElo "2088"]
[PlyCount "77"]
[EventDate "2013.10.26"]
[EventType "swiss"]
[EventRounds "9"]
[EventCountry "CZE"]
[SourceTitle "EXT 2014"]
[Source "ChessBase"]
[SourceDate "2013.11.20"]
[SourceVersion "1"]
[SourceVersionDate "2013.11.20"]
[SourceQuality "1"]

1. c4 Nf6 2. Nc3 g6 3. e4 d6 4. d4 Bg7 5. f4 0-0 6. Nf3 c5 7. d5 e6 8. Be2 exd5 9. exd5 Na6 10. 0-0 Nc7 11. Bd3 a6 12. a4 Rb8 13. a5 b5 14. axb6 Rxb6 15. f5 Nce8 16. Qc2 Rb4 17. Bg5 Qb6 18. Rab1 Bxf5 19. Bxf5 gxf5 20. b3 Ne4 21. Na2 N8f6 22. Bxf6 Bxf6 23. Nxb4 cxb4+ 24. Kh1 Qe3 25. Rbe1 Qc3 26. Qb1 Kh8 27. g4 Rg8 28. gxf5 Nc5 29. Qc1 Nxb3 30. Qf4 Nd4 31. Nd2 Nc2 32. Ne4 Qe5 33. Nxf6 Qxf4 34. Rxf4 Nxe1 35. Nxg8 Kxg8 36. c5 dxc5 37. d6 Kf8 38. Re4 Nd3 39. Kg1 1-0

[Event "Liberec op 14th"]
[Site "Liberec"]
[Date "2013.10.28"]
[Round "4"]
[White "Golcman, Evgeny"]
[Black "Nguyen, Thai Dai Van"]
[Result "1/2-1/2"]
[WhiteElo "2231"]
[BlackElo "2164"]
[PlyCount "114"]
[EventDate "2013.10.26"]
[EventType "swiss"]
[EventRounds "9"]
[EventCountry "CZE"]
[SourceTitle "EXT 2014"]
[Source "ChessBase"]
[SourceDate "2013.11.20"]
[SourceVersion "1"]
[SourceVersionDate "2013.11.20"]
[SourceQuality "1"]

1. b3 Nf6 2. Bb2 d5 3. e3 g6 4. c4 c6 5. Nf3 Bg7 6. Be2 0-0 7. 0-0 Nbd7 8. Qc2 b6 9. Nc3 Bb7 10. cxd5 cxd5 11. d4 Rc8 12. Rac1 Ne4 13. Bd3 e5 14. dxe5 Nxe5 15. Nd4 Nxd3 16. Qxd3 Qe7 17. Rfd1 Rfd8 18. Rc2 Nc5 19. Qd2 Ne4 20. Qc1 Nxc3 21. Rxc3 Rxc3 22. Qxc3 Qc5 23. Qd2 Rc8 24. Rc1 Qd6 25. Nb5 Rxc1+ 26. Qxc1 Bxb2 27. Nxd6 Bxc1 28. Nxb7 Kf8 29. Nd8 Ba3 30. Kf1 Ke8 31. Nc6 a5 32. Ke2 Kd7 33. Nd4 Bc5 34. Nf3 f6 35. Kd3 Kc6 36. g4 Kd6 37. h3 Ke6 38. Ne1 Ba3 39. Nc2 Bd6 40. Nd4+ Kd7 41. f3 Bc5 42. Ne2 Kc6 43. h4 Bd6 44. h5 Kd7 45. hxg6 hxg6 46. e4 dxe4+ 47. Kxe4 Ke6 48. Nc1 Bb8 49. Nd3 Bd6 50. a4 Be7 51. Kd4 Bd6 52. f4 Be7 53. Kc4 Bd8 54. Ne1 Bc7 55. Nd3 Bd6 56. Kd4 Be7 57. Kc4 Bd6 1/2-1/2